|
|
|
|
| LEADER |
00000cam a2200000 7i4500 |
| 001 |
0000009948 |
| 002 |
000010837 |
| 005 |
20000330.0 |
| 020 |
|
|
|a 007881829X
|
| 090 |
0 |
0 |
|a 005.42
|b SCH
|
| 100 |
1 |
|
|a Schneider, David
|
| 245 |
1 |
0 |
|a Visual basic for DOS inside & out
|c David Schneider and Gary Cornell
|
| 260 |
|
|
|a California :
|b Osborne McGraw-Hill ,
|c 1993
|
| 300 |
|
|
|a 710 p. ;
|c 24 cm.
|
| 650 |
0 |
0 |
|a Visual basic (Computer programme language)
|
| 700 |
1 |
|
|a Cornell, Gary
|
| 999 |
|
|
|a 053060
|b BUKU
|c PINJAMAN
|e PERPUSTAKAAN KOMUNITI PETALING JAYA
|
| 999 |
|
|
|a 053076
|b BUKU
|c PINJAMAN
|e PERPUSTAKAAN KOMUNITI PETALING JAYA
|